1742 1812 1144 1416 1987 1029 1963 1029 1500 1936 1473 1059 1580 1213 1310 1826 1209 1875 1725 1387 1938 1384 1664 1407 1764 1828 1215 1141 1488 1093 1806 1852 1556 1368 1016 1992 1171 1854 1790 1000 1603 1790 1714 1612 1286 1000 1624 1106 1577 1460 1230 1547 1828 1237 1661 1170 1065 1080 1891 1982 1398 1269 1835 1201 1850 1005 1113 1481 1953 1558 1958 1877 1688 1802 1650 1756 1766 1068 1399 1011 1932 1329 1569 1987 1529 1135 1272 1509 1969 1538 1094 1666 1317 1461 1004 1966 1490 1983 1104 BCNSPRNW ULIB Ver.6.0+V

เปลี่ยนเป็นภาษาไทย

Change to English
 แสดงรายละเอียดบรรณานุกรม
  กลับหน้าหลัก

Brief Record : Get Marc (ISO 2709) : E-mail record : QR code < ปิดหน้าต่าง
LEADER : 00000nam 2200000uu 4500
001    13399127042
003     ULIB
008    020711s2562 th a 000 0 tha d
020    ^a9786164671164
060    ^aWS103^bต-ล
100    ^aตุ๊บปอง
245    ^aลูกลิงไม่ยอมนอน ชุดลูกลิงเรียนรู้
250    ^aพิมพ์ครั้งที่ 1
260    ^aกรุงเทพฯ :^bบริษัท แปลน ฟอร์ คิดส์ จำกัด,^c2562
300    ^a15 หน้า;^b21 ซม.
650    ^aเด็ก^xการเรียนการสอน
945    ^p115^l0^i006230
999    ^aประนอม เกษจรัล
รายการนี้ยังไม่มีแท็ก
คุณยังไม่ได้ล็อกอิน คุณสามารถมีกิจกรรมร่วมกับเว็บไซต์ได้ แต่ต้องล็อกอินก่อน ::
  ล็อกอิน

รายการสื่อสารสนเทศ

ลำดับที่ ประเภท เลขเรียก/บาร์โค้ด สถานที่ สถานะ
1. วิทยาศาสตร์การแพทย์ และสุขภาพ
วิทยาศาสตร์การแพทย์ และสุขภาพ
WS103 ต-ล ฉ.1 
  Barcode: 006230
ห้องสมุดวิทยาเขตสวรรค์ประชารักษ์
►หนังสือทั่วไป
ถูกยืม กำหนดส่งวันที่ 24 เมษายน 2568
  จอง

รายการใกล้เคียง
    ผู้แต่ง [ตุ๊บปอง]

BibComment


ยังไม่เคยถูกคอมเมนท์

คอมเมนท์ทรัพยากรรายการนี้
  คอมเมนท์: ลูกลิงไม่ยอมนอน ..


 Copyright 2026. Bcnsprnw @Library